Statistics for August 2nd: Birthdays

Click here to take the quiz!

General Stats

  • This quiz has been taken 2 times
  • The average score is 4 of 7

Answer Stats

YearClueAnswer% Correct
1905Actress in Thin ManMyrna Loy
100%
1923Israeli Prime MinisterShimon Peres
100%
1834Designed the Statue of LibertyFrédéric-Auguste Bartholdi
50%
1924Author of Another CountryJames Baldwin
50%
1932Actor in BeckettPeter O'Toole
50%
1754Laid out Washington, D.C.Pierre L'Enfant
50%
1868King of GreeceConstantine I
0%

Score Distribution

Percentile by Number Answered

Percent of People with Each Score

Your Score History

You have not taken this quiz